Spatial statistics & geostatistics : theory and applications for geographic information science & technology /

Bibliographic Details
Main Author: Chun, Yongwan
Other Authors: Griffith, Daniel A.
Format: Book
Language:English
Published: London ; Thousand Oaks, CA : SAGE, 2013.
Series:Sage advances in GIST.
Subjects:

MARC

Tag First Indicator Second Indicator Subfields
LEADER 00000cam a2200000Ia 4500
001 in00002791321
005 20151203092936.0
008 120815s2013 enkab b 001 0 eng d
010 |a  2012938996 
015 |a GBB282323  |2 bnb 
016 7 |a 016152698  |2 Uk 
019 |a 827784969 
020 |a 9781446201732 (hbk.) 
020 |a 1446201732 (hbk.) 
020 |a 1446201740 (pbk.) 
020 |a 9781446201749 (pbk.) 
035 |a (OCoLC)ocn808495779 
035 |a (OCoLC)808495779 
035 |a (OCoLC)808495779  |z (OCoLC)827784969 
040 |a UKMGB  |b eng  |c UKMGB  |d OCLCO  |d YDXCP  |d YNK  |d CDX  |d YBM  |d CUV  |d NLE  |d UtOrBLW 
049 |a TXAM 
050 0 4 |a G70.217.G46  |b C58 2013 
082 0 4 |a 910.285  |2 23 
100 1 |a Chun, Yongwan. 
245 1 0 |a Spatial statistics & geostatistics :  |b theory and applications for geographic information science & technology /  |c Yongwan Chun & Daniel A. Griffith. 
246 3 |a Spatial statistics and geostatistics 
264 1 |a London ;  |a Thousand Oaks, CA :  |b SAGE,  |c 2013. 
300 |a xiv, 181 pages :  |b illustrations (some color), maps ;  |c 24 cm. 
336 |a text  |b txt  |2 rdacontent 
337 |a unmediated  |b n  |2 rdamedia 
338 |a volume  |b nc  |2 rdacarrier 
490 1 |a SAGE advances in GIST 
500 |a "GIST" 
504 |a Includes bibliographical references (pages [169]-173) and index. 
505 0 |a Introduction -- Spatial autocorrelation -- Spatial sampling -- Spatial composition and configuration -- Spatially adjusted regression and related spatial econometrics -- Local statistics: hot and cold spots -- Analyzing spatial variance and covariance with geostatistics and related techniques -- Methods for spatial interpolation in two dimensions -- More advanced topics in spatial statistics. 
650 0 |a Geospatial data. 
650 0 |a Spatial analysis (Statistics) 
700 1 |a Griffith, Daniel A. 
830 0 |a Sage advances in GIST. 
945 |a PromptCat  |b 259523 
946 |a stk 
947 |a A14835912815 
994 |a C0  |b TXA 
948 |a cataloged  |b h  |c 2013/4/18  |d c  |e jlanham  |f 11:29:35 am 
999 |a MARS 
999 f f |s 5c89125a-141e-34e9-b45b-bdf6276a1a58  |i 6cd44c17-98cb-3936-b087-1ab35d4c987b  |t 0 
952 f f |p normal  |a Texas A&M University  |b College Station  |c Sterling C. Evans Library  |d Evans: Library Stacks  |t 0  |e G70.217.G46 C58 2013  |h Library of Congress classification  |i unmediated -- volume  |m A14835912815 
998 f f |a G70.217.G46 C58 2013  |t 0  |l Evans: Library Stacks